Quantitative methods for business (Record no. 285244)

MARC details
000 -LEADER
fixed length control field 00454nam a2200169Ia 4500
008 - FIXED-LENGTH DATA ELEMENTS--GENERAL INFORMATION
fixed length control field 191130s2008##################000#0#eng##
020 ## - INTERNATIONAL STANDARD BOOK NUMBER
ISBN 9780273694588
082 ## - DEWEY DECIMAL CLASSIFICATION NUMBER
Classification number 650.0151 WAT
100 ## - MAIN ENTRY--AUTHOR NAME
Personal name Waters, Donald
245 ## - TITLE STATEMENT
Title Quantitative methods for business
Statement of responsibility, etc Donald Waters
250 ## - EDITION STATEMENT
Edition statement 4th ed
260 ## - PUBLICATION, DISTRIBUTION, ETC. (IMPRINT)
Place of publication New York
Name of publisher Prentice Hall
Year of publication 2008
991 ## -
-- 357363
Holdings
Withdrawn status Lost status Damaged status Not for loan Home library Current library Shelving location Date acquired Full call number Accession Number Price effective from Koha item type
        Anna Centenary Library Anna Centenary Library 6TH FLOOR, A WING 15.10.2020 650.0151 WAT 115554 15.10.2020 English Books

Find us on the map